|
|
|
|
| LEADER |
01283nam a22003494a 4500 |
| 001 |
36396 |
| 003 |
BD-DhAAL |
| 005 |
20211129104643.0 |
| 008 |
191020t2003 nyu b 001 0 eng d |
| 999 |
|
|
|c 41624
|d 41624
|
| 010 |
|
|
|a 2003047894
|
| 020 |
|
|
|a 0060555661 (pbk.)
|
| 020 |
|
|
|a 9780060555665
|
| 040 |
|
|
|a DLC
|c DLC
|d DLC
|d BD-DhAAL
|
| 042 |
|
|
|a pcc
|
| 050 |
0 |
0 |
|a HG4521
|b .G665 2003
|
| 082 |
0 |
0 |
|a 332.678
|2 21
|
| 100 |
1 |
|
|a Graham, Benjamin,
|d 1894-1976.
|9 36180
|
| 245 |
1 |
4 |
|a The intelligent investor :
|b a book of practical counsel /
|c Benjamin Graham ; updated with new commentary by Jason Zweig.
|
| 250 |
|
|
|a Revised edition
|
| 260 |
|
|
|a New York :
|b HarperBusiness Essentials,
|c c2003.
|
| 300 |
|
|
|a xiv, 623 pages ;
|c 21 cm.
|
| 504 |
|
|
|a Includes bibliographical references and index.
|
| 526 |
|
|
|a BBS
|
| 541 |
|
|
|a Karim International
|e 36396
|
| 650 |
|
0 |
|a Securities.
|9 36181
|
| 650 |
|
0 |
|a Investments.
|9 36182
|
| 650 |
|
0 |
|a Business & finance
|9 43293
|
| 700 |
1 |
|
|a Zweig, Jason.
|9 36183
|
| 852 |
|
|
|a Ayesha Abed Library
|c General Stacks
|
| 942 |
|
|
|2 ddc
|c BK
|
| 952 |
|
|
|0 0
|1 0
|2 ddc
|4 0
|6 332_678000000000000_GRA
|7 0
|9 66806
|a BRACUL
|b BRACUL
|c GEN
|d 2019-10-17
|e Karim International
|g 2120.00
|l 14
|m 142
|o 332.678 GRA
|p 3010036396
|r 2026-05-21
|s 2026-02-25
|t 1
|v 2120.00
|w 2019-10-17
|y BK
|